[Event "Andorra op 29th"]
[Site "Arinsal"]
[Date "2011.07.16"]
[Round "1"]
[White "Almeida Quintana, Omar"]
[Black "Oliva Llorens, Antoni"]
[Result "1-0"]
[WhiteElo "2548"]
[BlackElo "1958"]
[PlyCount "57"]
[EventDate "2011.07.16"]
[EventType "swiss"]
[EventRounds "9"]
[EventCountry "AND"]
[SourceTitle "CBM 143 Extra"]
[Source "ChessBase"]
[SourceDate "2011.08.29"]
[SourceVersion "1"]
[SourceVersionDate "2011.08.29"]
[SourceQuality "1"]

1. d4 Nf6 2. c4 e6 3. Nf3 d5 4. Nc3 Bb4 5. Bg5 0-0 6. cxd5 exd5 7. Rc1 h6 8. Bh4 c6 9. e3 Nbd7 10. Bd3 Qa5 11. 0-0 Re8 12. Qc2 Bxc3 13. bxc3 Ne4 14. c4 Ndf6 15. Ne5 Nd7 16. cxd5 cxd5 17. Bxe4 dxe4 18. Nc4 Qd5 19. Bg3 Re6 20. Qb1 b6 21. Rc3 Ba6 22. Rfc1 Rc8 23. Nd2 Rxc3 24. Rxc3 Bd3 25. Rc8+ Kh7 26. Qb3 Qb5 27. Qxb5 Bxb5 28. d5 Rg6 29. Nxe4 1-0

[Event "Benidorm op U2000 08th"]
[Site "Benidorm"]
[Date "2009.12.04"]
[Round "7"]
[White "Oliva Llorens, Antoni"]
[Black "Delseny, Serge"]
[Result "1/2-1/2"]
[WhiteElo "1973"]
[BlackElo "1998"]
[PlyCount "80"]
[EventDate "2009.11.28"]
[EventType "swiss"]
[EventRounds "10"]
[EventCountry "ESP"]
[SourceTitle "CBM 133 Extra"]
[Source "ChessBase"]
[SourceDate "2010.01.05"]
[SourceVersion "1"]
[SourceVersionDate "2010.01.05"]
[SourceQuality "1"]

1. e4 c5 2. Nc3 e6 3. g3 Nc6 4. Bg2 Nf6 5. d3 d6 6. f4 Be7 7. Nf3 Qc7 8. 0-0 a6 9. Kh1 0-0 10. Be3 Rb8 11. Bg1 b5 12. Nh4 b4 13. Ne2 Ne8 14. Nf3 a5 15. g4 g6 16. Rb1 f5 17. gxf5 gxf5 18. Qd2 Ng7 19. Ng3 Bd7 20. Rbe1 Rbe8 21. exf5 exf5 22. Ng5 Nd8 23. Bd5+ Kh8 24. Qg2 Bc6 25. c4 bxc3 26. bxc3 Bxd5 27. Qxd5 h6 28. Nf3 Qc6 29. Qxc6 Nxc6 30. d4 Kg8 31. Re2 cxd4 32. Bxd4 Nxd4 33. Nxd4 Bf6 34. Rxe8 Rxe8 35. Ngxf5 Nxf5 36. Nxf5 Bxc3 37. Nxd6 Re2 38. Nb5 Bf6 39. Rg1+ Kf7 40. Rg2 Re1+ 1/2-1/2